Formule 1 de A à Z - Statistiques

Statistiques générales
  • Ce quiz a été pris 97 fois
  • Le résultat moyen est 12 sur 26
Statistiques - réponses
Lettres Indices Réponses % Correct
W Ecurie 9 fois championne des constructeurs Williams
76%
B Circuit où Leclerc à prononcé son fameux "I am stupid" Bakou
75%
Q Ce pays accueille la F1 au circuit de Losail Qatar
75%
P Le Professeur Prost Alain
72%
Z Circuit pour le grand prix des Pays-bas Zandvoort
70%
D Circuit d'Arabie Saoudite Djeddah
65%
U Pays ne comptant que 4 pilotes dans l'histoire Uruguay
63%
Y Circuit où s’est joué le titre en 2021 Yas Marina
62%
S Il était "Magic" Senna Ayrton
61%
L Ecurie 7 fois championne des constructeurs Team Lotus
59%
O Estie Bestie Ocon Esteban
56%
F Premier champion du monde de Formule 1 Farina Giuseppe
54%
R Partie mythique du circuit de Spa-Francorchamps Le Raidillon
53%
M Pilote vénézuélien connu pour ses sorties de pistes et accrochages Maldonado Pastor
52%
J Première écurie de Michael SCHUMACHER Jordan
51%
H Circuit allemand Hockenheim
48%
G Surnom sur les réseaux du pilote Nicholas LATIFI Goatifi
44%
A Ancien Champion du monde qui souhaite revenir avec l'écurie Cadillac en 2026 Andretti Mario
43%
V Pilote dont la voiture a pris feu lors d'un ravitaillement en 1994 Verstappen Jos
42%
N Pays du champion du monde 1967 Nouvelle Zélande
38%
K Pilote aux 99 gp et 1 victoire Kubica Robert
25%
T Surnom de Fernando Alonso le Taureau des Asturies
14%
I Seul constructeur ayant pris des départs qui commence par cette lettre Iso-Marlboro
10%
C Ville française ayant accueilli 4 gp Clermont-Ferrand
9%
E Fournisseur de pneumatiques entre 1950 et 1958 Englebert
4%
X Sponsor des années 80 pour Ferrari Xerox
0%
Aucun quiz correspondant
Distribution des résultats
% des personnes avec chaque résultat
Percentile par nombre de réponses
Votre historique - résultats
Vous n’avez pas pris ce quiz